书目信息 |
| 题名: |
海洋地球物理
|
|
| 作者: | 渡部晖彦 著 ;陆书玉 译 | |
| 分册: | ||
| 出版信息: | 北京 科学出版社 1980 |
|
| 页数: | 478页 | |
| 开本: | 19cm | |
| 丛书名: | ||
| 单 册: | ||
| 中图分类: | P738 , P733 | |
| 科图分类: | ||
| 主题词: | 海洋地球物理学 , 海洋学--基础理论 | |
| 电子资源: | ||
| ISBN: | ||
| 000 | 00729nam0 2200277 45 | |
| 001 | 0180008753 | |
| 005 | 20040524173803.3 | |
| 010 | @dCNY2.50 | |
| 091 | @a13031.1394 | |
| 100 | @a19950522d1980 em y0chiy0121 ea | |
| 101 | 1 | @achi@cjpn |
| 102 | @aCN@b110000 | |
| 105 | @ay z 000yy | |
| 106 | @ar | |
| 200 | 10 | @a海洋地球物理@Ahai yang di qiu wu li@f(日)渡部晖彦等著@g陆书玉译 |
| 210 | @a北京@c科学出版社@d1980 | |
| 215 | @a478页@d19cm | |
| 606 | @a海洋地球物理学 | |
| 606 | 0 | @a海洋学@x基础理论 |
| 690 | @aP738@v3 | |
| 690 | @aP733 | |
| 701 | 0 | @a渡部晖彦@Adu bu hui yan@4著 |
| 702 | 0 | @a陆书玉@Alu shu yu@4译 |
| 801 | 0 | @aCN@b上海图书馆@c20040524 |
| 801 | 2 | @aCN@bNLC@c20040524 |
| 905 | @f1@b36662@dP733@e1 | |
| 海洋地球物理/(日)渡部晖彦等著/陆书玉译.-北京:科学出版社,1980 |
| 478页;19cm |
| ISBN :CNY2.50 |
| ● |
| 相关链接 |
|
|
|
|
正题名:海洋地球物理
索取号:P733/1
 
预约/预借
| 序号 | 登录号 | 条形码 | 馆藏地/架位号 | 状态 | 备注 |
| 1 | 0036662 | 000624934 | 第三借阅区/ [索取号:P733/1] | 在馆 | |
| 2 | 0036663 | 000624943 | 第二样本阅览室/ [索取号:P733/1] | 在馆 |